This union cause: the growth of organized labor in America (Record no. 434943)

000 -LEADER
fixed length control field 00375cam a22001217a 4500
008 - FIXED-LENGTH DATA ELEMENTS--GENERAL INFORMATION
fixed length control field 180718b1958 xxu||||| |||| 00| 0 eng d
082 ## - DEWEY DECIMAL CLASSIFICATION NUMBER
Classification number R8x73 Sh64
100 ## - MAIN ENTRY--PERSONAL NAME
Personal name Shippen, Katherine B.
245 ## - TITLE STATEMENT
Title This union cause: the growth of organized labor in America
Statement of responsibility, etc. by Katherine B. Shippen
260 ## - PUBLICATION, DISTRIBUTION, ETC.
Place of publication, distribution, etc. New York
Name of publisher, distributor, etc. Harper
Date of publication, distribution, etc. 1958
300 ## - PHYSICAL DESCRIPTION
Extent 180p.
650 ## - SUBJECT ADDED ENTRY--TOPICAL TERM
Topical term or geographic name entry element Organized labor-America
Holdings
Withdrawn status Lost status Damaged status Not for loan Permanent Location Current Location Date acquired Full call number Barcode Date last seen Price effective from Koha item type
        Indian Institute of Public Administration Indian Institute of Public Administration 2010-02-19 R8x73 Sh64 12970 2018-07-21 2018-07-21 Book

Powered by Koha